• 首页
  • 本馆介绍
  • 公告通知
  • 最新文献
  • 馆藏检索
  • 电子资源
  • 读者导购
  • 参考咨询
  • 我的图书馆
  • 登录
  • 详细信息显示
  • 放入我的书架
  • 预约/预借图书
  • 作者相关作品
  • 分类相关作品
  • 丛书相关作品
  • 出版社相关作品

书目信息

  • 表格格式
  • 工作单格式
  • 卡片格式
题名:
拉萨尔评传
    
 
作者: 张文焕 著
分册:  
出版信息: 北京   人民出版社  1983.5
页数: 181页
开本: 20cm
丛书名:
单 册:
中图分类: D121
科图分类:
主题词: 国际共产主义运动
电子资源:
ISBN:
000 00532nam0 2200205 45
001 0212181028
005 20031219104102.4
010    @dCNY0.62
091    @a11001.551
100    @a20021218d1983 km y0chiy0120 ea
101 0  @achi
105    @ac z 000yb
200 1  @a拉萨尔评传@ALa Sa Er Ping Chuan@f张文焕著@FZhang Wen Huan Zhu
210    @a北京@c人民出版社@d1983.5
215    @a181页@d20cm
606 0  @a国际共产主义运动
690    @aD121@v3
701  0 @a张文焕@4著
801    @aCN@bTSTC@c20020916
905    @dD121@e4@f1@b115303
    
    拉萨尔评传/张文焕著.-北京:人民出版社,1983.5
    181页;20cm
    
    
    ISBN :CNY0.62
    
●
相关链接 在E读中查询图书 在五车中查询图书 在当当中查询图书 在豆瓣中查询图书


正题名:拉萨尔评传     索取号:D121/4         预约/预借

序号 登录号 条形码 馆藏地/架位号 状态 备注
1 0094609   001743527   密集书库/ [索取号:D121/4] 在馆    
2 0094611   001743536   密集书库/ [索取号:D121/4] 在馆    
3 0115299   001743518   密集书库/ [索取号:D121/4] 在馆    
4 0115300   001743509   密集书库/ [索取号:D121/4] 在馆    
5 0115302   001011390   第一样本阅览室/ [索取号:D121/4] 在馆    
6 0115303   001833804   密集书库/ [索取号:D121/4] 在馆    
7 0176995   001750279   密集书库/ [索取号:D121/4] 在馆    
8 0176996   001750082   密集书库/ [索取号:D121/4] 在馆    
9 0176997   001750126   密集书库/ [索取号:D121/4] 在馆    
10 0176998   001749530   密集书库/ [索取号:D121/4] 在馆    
11 0176999   001750233   密集书库/ [索取号:D121/4] 在馆    
唐山师范学院图书馆 欢迎您!
大连网信软件有限公司© 版权所有